[Event "RUS-Cup03 Geller Memorial"]
[Site "Moscow"]
[Date "1999.02.11"]
[Round "2"]
[White "Polovodin, Igor A"]
[Black "Chigvintsev, Andrei"]
[Result "1-0"]
[WhiteElo "2468"]
[BlackElo "2387"]
[Annotator "Blatny,P"]
[PlyCount "109"]
[EventDate "1999.02.10"]
[EventType "swiss"]
[EventRounds "9"]
[EventCountry "RUS"]
[SourceTitle "CBM 070"]
[Source "ChessBase"]
[SourceDate "1999.06.08"]
[SourceVersion "1"]
[SourceVersionDate "1999.06.08"]
[SourceQuality "1"]

1. d4 Nf6 2. c4 e5 3. dxe5 Ng4 4. Nf3 Bc5 5. e3 Nc6 6. Be2 O-O 7. O-O Re8 8.
Nc3 Ngxe5 9. b3 Nxf3+ 10. Bxf3 Ne5 11. Be2 a5 12. Bb2 Ra6 13. Ne4 Ba7 14. Qd5 {
Eine der Hauptstellungen im Budapester Gambit. Ein besonderes Merkmal in
dieser Variante ist, dass diese Stellung sehr oft mit verschiedenen
Zugumstellungen aufs Brett kommt. Und entweder im 13. oder 14. Zug erreicht
wird (hängt von dem Tusch der Springer auf e5 oder f3 ab; ähnlich wie im
Sveshnikov in Sizilianisch).  Dazu eine praktische "technische" Anmerkung: Wer
diese Variante studieren will, soll lieber "Search boardposition" /"Suche
Brettstellung" als "Find novelty"/ "Neuerung finden" für die Datenbank-Suche
benutzen!!} Rh6 $5 ({Frueher wurde mehr} 14... Rae6 {gespielt, aber nach} 15.
Qxa5 Bb6 (15... Nc6 $5 16. Qc3 Nd4 {ist auch eine interessante Moeglichkeit.})
16. Qb4 $5 (16. Qc3 Qh4 17. f4 Rh6 $13) 16... Qh4 17. c5 Rh6 $6 (17... Bxc5
$142 18. Qxc5 Qxe4 19. Bxe5 (19. Qxc7 Rg6 20. g3 Nf3+ 21. Bxf3 Qxf3 22. Rac1 $1
h5 $132 {[%csl Rf3,Rg2,Rh1,Rh3][%cal Gb7b5,Gc8b7,Gb7h1,Gd7d5,Gc8h3,Gh3f1]})
19... Qxe5 20. Qxe5 Rxe5 21. Rac1 $14 {_|_}) 18. Nf6+ $1 Qxf6 19. cxb6 Qxb6 20.
Qxb6 Rxb6 21. Rac1 Rc6 22. b4 Rxc1 23. Rxc1 c6 24. b5 $1 {hatte Weiss klaren
Vorteil in der Partie Oll,L-Ilmoni,T/Helsinki 1995/EXT 99}) 15. Bxe5 (15. g3 $2
c6 16. Qd1 Nxc4 $1 17. Nf6+ gxf6 18. bxc4 d5 19. cxd5 Qd7 20. h4 Qh3 21. Bd4
Rxe3 $3 22. Bxe3 Bxe3 $19 {Lembak,J-Kantorik,M/SVK-chT 1995/EXT 97}) (15. c5 $6
c6 16. Qd4 d5 17. Ng3 b6 $1 18. cxb6 Bxb6 19. Qa4 Rh4 $40 {Castagna,
R-Niederost,B/Zuerich 1991/EXT 97}) 15... c6 16. Qd3 $6 ({Besser ist} 16. Bf6
$1 gxf6 (16... cxd5 17. Bxd8 Rxd8 (17... dxe4 18. Bxa5 Bb8 19. h3 Be5 20. Rab1
Ra6 21. b4 b6 22. c5 bxa5 23. Bxa6 Bxa6 24. b5 Bc8 (24... Bb7 25. Rfd1 $18) 25.
Rfd1 $18) (17... dxc4 18. Bg5 Rg6 19. Bxc4 $18) 18. cxd5 $16) 17. Qf5 (17. Qd3
f5 18. Nd2 (18. Ng3 $142) 18... f4 $1 19. exf4 Qh4 20. Nf3 Qxf4 $36 {Legky,
N-Gusev,V/Leningrad 1989/TD}) 17... Bb8 ({Schlechter ist} 17... d5 18. Qf4 Rg6
19. cxd5 cxd5 {und jetzt kann Weiss waehlen zwischen} 20. Ng3 ({oder} 20. Rad1
{mit klarem Vorteil in beiden Faellen.})) 18. Ng3 d5 19. Qf3 (19. Qd3 f5 20. f4
Ba7 $40 {Trinh,R-Plachetka,T/Val Maubuee 1990/EXT 97}) 19... f5 20. h3 Qg5 $13
{Cervenka,I-Kantorik,M/SVK-chT 1995/EXT 97}) 16... Rxe5 17. Nd2 (17. f4 $2 {
[%csl Re3,Rg1][%cal Ga7g1]} Re8 18. c5 d5 $1 19. cxd6 (19. Nd6 Rxd6 20. cxd6
Rxe3 $19) 19... Bf5 20. Bf3 Rhe6 21. d7 R8e7 $19) 17... d5 $1 18. Nf3 Reh5 19.
Rfd1 (19. cxd5 Rxh2 $3 20. Nxh2 Qh4 21. f3 Bf5 $5 (21... Qxh2+ 22. Kf2 Qh4+ 23.
g3 (23. Kg1 Bh3 $1 24. Qe4 $8 (24. Rf2 $2 Bf5 $19) 24... Qxe4 25. fxe4 Bxe3+
26. Rf2 (26. Kh2 Bg4+ 27. Kg3 Bxe2 28. Rfe1 Rg6+ 29. Kh3 Bg4+ $19) 26... Bd7 {
mit gewonenem Endspiel.}) 23... Qh2+ 24. Ke1 Qxg3+ 25. Kd2 (25. Kd1 Qe5 26. Rc1
Bxe3 27. Rc3 Bf4 $17) 25... Rd6 26. Rac1 {und Weiss kämpft noch.}) 22. Qd2 (22.
Qc3 Qxh2+ 23. Kf2 Rg6 24. Rg1 (24. Ke1 Rxg2 $19) 24... Qg3+ 25. Kf1 Bh3 $1 $19)
22... Qxh2+ 23. Kf2 Qh4+ 24. Kg1 (24. g3 Qh2+ 25. Ke1 Qxg3+ 26. Kd1 Qe5 $19)
24... Qb4 $1 25. Qxb4 Bxe3+ 26. Rf2 axb4 $17 {mit Mehrbauer im Endspiel.})
19... Bf5 $1 20. Qc3 (20. e4 $2 Rxh2 $3 ({oder auch} 20... Qb6 $19) 21. Nxh2
Qh4 22. Bh5 Qxf2+ 23. Kh1 Rxh5 {und Weiss entkommt nicht aus diesem Mattnetz.}
24. Qf3 (24. exf5 Bb8) 24... Rxh2+ 25. Kxh2 Qh4+ 26. Qh3 Bxh3 27. gxh3 Qf2+ 28.
Kh1 Bb8) 20... Bb8 21. g3 Be4 {Schwarz hat seinen Angriff lehrreich ausgeführt.
Besonders das Läuferpaar zeigt seine typische Stärke.} 22. cxd5 {Was sonst?
Aber jetzt kommt ein Opferkonzert von Schwarz:} Rxh2 $3 23. Nxh2 Rxh2 24. f4 $8
(24. Kxh2 $4 Qh4+ 25. Kg1 Qh1#) (24. f3 $2 Qg5 {mit Matt.}) 24... Rxe2 25. dxc6
Qb6 26. Qd4 (26. Kf1 $142 Rc2 (26... Rxe3 $4 27. Qxe3 $18) 27. Qd4 Bg2+ 28. Ke1
(28. Kg1 Bc7 29. cxb7 Bxb7 30. Rac1 Rg2+ 31. Kf1 h5 32. Qxb6 Bxb6 33. Rd7 Bf3
$19) 28... Qxd4 29. Rxd4 Bc7 30. Rad1 h5 31. cxb7 Bxb7 $17) 26... Rg2+ $4 {
Es ist wirklich schade, dass Schwarz die bis jetzt hervorragend geführte
Partie nicht mit dem richtigen} (26... Bc7 $1 27. cxb7 Bxb7 28. Qxb6 Bxb6 29.
Rd7 Bf3 $19 {zum verdienten Sieg gebracht hat.}) 27. Kf1 (27. Kh1 $4 Qxd4 28.
Rxd4 Rxa2+ $19) 27... Qa6+ $8 28. Qc4 Qxc4+ 29. bxc4 Bc7 30. Rd7 $1 $16 bxc6
31. Rxc7 f5 32. Rc8+ (32. Rd1 $2 h5 33. Rdd7 Rxg3 34. Ra7 h4 35. Rxa5 h3 $13)
32... Kf7 33. Rd1 Rxg3 (33... Rxa2 $142 34. Rc7+ Ke6 (34... Kg6 35. Rd6+ Kh5
36. Rxg7 h6 37. Rd8 $18 {[%csl Rh5][%cal Gd8h8,Gg7g5]}) 35. c5 Bd5 36. Rxg7 Rh2
$132 {[%csl Gd5,Rf1,Gh2][%cal Ga5a1]} 37. Rd4 $16) 34. Rd7+ Kg6 (34... Kf6 $4
35. Rcc7 $18) (34... Ke6 $5 35. Rcc7 $1 {[%csl Re6][%cal Gc4c5,Gd7d6]} Rxe3 (
35... Rf3+ 36. Ke2 c5 37. Rxg7 $18) 36. c5 (36. Rxg7 $2 Kd6 $1) 36... Rd3 37.
Rxd3 Bxd3+ 38. Kf2 Kd5 39. Rxg7 (39. Ra7 Kxc5 40. Rxa5+ Kb6 41. Re5 h6 42. Ke3
Bb1 43. a3 g5 $11) 39... Kxc5 40. Rxh7 $16 {_|_}) 35. Rcc7 Kh6 (35... Rxe3 $142
36. Rxg7+ Kh5 37. a4 $16 (37. Rg5+ Kh6 38. Ra7 Rf3+)) 36. Ke2 Rg2+ 37. Kd1 a4
38. a3 Bc2+ $6 (38... Bf3+ $142 39. Ke1 (39. Kc1 Be4 $16) 39... Re2+ 40. Kf1
Rxe3 41. Rxg7 Rxa3 42. Rxh7+ Kg6 43. Rhg7+ Kh6 (43... Kf6 $2 44. Rgd7 $1 Kg6 (
44... Ke6 45. c5 $18) 45. Rd6+ Kh5 46. Rg7 $18) 44. Rg3 Be2+ 45. Kf2 Rxg3 46.
Kxg3 {+/-/+- _|_}) 39. Ke1 Be4 40. c5 Rg3 (40... Ra2 41. Rxg7 Rxa3 42. Rxh7+
Kg6 43. Rh3 $18 {[%csl Rg6][%cal Gc7h7,Gh3h6]}) (40... Bf3 $142 41. Ra7 Re2+
42. Kf1 Rxe3 43. Rxg7 Rxa3 44. Rxh7+ Kg6 45. Rag7+ Kf6 46. Rf7+ $1 Kg6 (46...
Ke6 $4 47. Rd7 $18) 47. Rhg7+ Kh6 48. Rg3 $1 Be2+ 49. Kf2 Rxg3 50. Kxg3 Kg6 51.
Ra7 Bb5 52. Kf3 Kf6 53. Ke3 Ke6 54. Kd4 Kf6 55. Rd7 Ke6 56. Rd6+ Ke7 57. Rh6
Kf7 58. Ke5 Kg7 59. Rd6 Kf7 60. Rd7+ Kg6 61. Ra7 $18) 41. Kd2 Bd5 42. Kd3 $18
Rg1 43. Kd4 Be4 44. Re7 Rd1+ 45. Ke5 Rg1 (45... Rd5+ 46. Ke6 Rxc5 47. Rxg7 Kh5
48. Rg5+ Kh6 49. Rg3 $18 {[%csl Rg6][%cal Gg3h3,Gc7h7,Gh6g6,Gh3h6]}) 46. Ra7
Rg3 47. Kd4 Rg1 48. Rxa4 Rd1+ 49. Ke5 Rd5+ 50. Ke6 Rd3 (50... Rxc5 51. Raa7 Kh5
52. Rxg7 $18) 51. Raa7 Kh5 52. Rxg7 h6 53. Rg1 Rxe3 54. Kf6 (54. Rh7 $142 Bg2+
$8 55. Kf6 Rg3 56. Rg7 Rxg7 57. Kxg7 Be4 58. a4 $18) 54... Bc2 $2 (54... Kh4 $8
55. a4 $18) 55. Rh7 {[%csl Rh5][%cal Gg1g5]} 1-0

[Event "New York op"]
[Site "New York"]
[Date "1996.??.??"]
[Round "4"]
[White "Gamboa, Nelson"]
[Black "Blatny, Pavel"]
[Result "0-1"]
[WhiteElo "2390"]
[BlackElo "2515"]
[Annotator "Blatny,P"]
[PlyCount "58"]
[EventDate "1996.05.??"]
[EventType "swiss"]
[EventRounds "9"]
[EventCountry "USA"]
[SourceTitle "CBM 052"]
[Source "ChessBase"]
[SourceDate "1996.06.01"]
[SourceVersion "1"]
[SourceVersionDate "1996.06.01"]
[SourceQuality "1"]

1. d4 Nf6 2. c4 e5 3. dxe5 Ng4 4. Nf3 Bc5 5. e3 Nc6 6. Nc3 $6 (6. a3) (6. Bd2)
(6. Be2) 6... O-O 7. Bd3 $6 $146 (7. Ne4 Bb4+ 8. Bd2 Bxd2+ 9. Qxd2 Ngxe5 10.
Nxe5 Nxe5 11. Nc3 d6 12. Be2 Be6 $10 {Vaulin-Galanov (Budapest 1991)}) 7... Re8
(7... Ngxe5 $4 8. Nxe5 Nxe5 9. Bxh7+ Kxh7 10. Qh5+ Kg8 11. Qxe5 $18) 8. a3 (8.
Qc2 $142 g6 9. Be4 {oder} (9. Ne4 Nb4 10. Qc3 Nxd3+ 11. Qxd3 Bf8 {/\ Bg7}) 9...
Ncxe5 {und Schwarz hat die Initiative.}) 8... Ngxe5 9. b4 Nxf3+ 10. Qxf3 (10.
gxf3 $6 Bd4 {/\ Qh4}) 10... Ne5 11. Qe2 (11. Bxh7+ $2 Kxh7 12. Qh5+ Kg8 13.
bxc5 d5 $1 $17) 11... Nxd3+ 12. Qxd3 Bd6 13. O-O b6 14. Ra2 $6 (14. Bb2 Bb7 15.
Nd5 Qh4 16. g3 Qe4 $15 {^^}) 14... a5 $1 15. b5 (15. c5 $2 bxc5 16. bxc5 Ba6 $1
$19) 15... Bb7 {/\ B:h2/B:g2} 16. Re2 $2 (16. Rd2 $142 Bxh2+ $140 $5 17. Kxh2
Qh4+ 18. Kg1 Bxg2 $1 19. Kxg2 $1 (19. f4 Qh1+ 20. Kf2 Qh2 $3 21. Ke1 $8 Bxf1
22. Qxf1 Rxe3+ 23. Kd1 Qh5+ $19) 19... Qg4+ 20. Kh1 $1 $8 (20. Kh2 $4 Re6 $19)
20... Qf3+ (20... Re6 $4 21. f3 $18) 21. Kg1 $1 $8 Qg4+ (21... Re6 $4 22. Ne2
$1 $18) 22. Kh1 $10) (16. Rd1 Re6 $15) 16... Bxh2+ $1 17. Kxh2 Qh4+ 18. Kg1
Bxg2 $1 19. Kxg2 Qg4+ 20. Kh2 (20. Kh1 Qf3+ 21. Kg1 Re6 $19) 20... Re5 21. Qd5
$8 Qh5+ (21... Rh5+ {fuehrt zu desselben Stellung.}) 22. Kg1 Rg5+ 23. Qxg5
Qxg5+ 24. Kh1 (24. Kh2 $4 Qe5+ $19) 24... Qf6 $1 25. Bb2 Qf3+ 26. Kg1 $2 (26.
Kh2 Re8 27. Rg1 Re6 28. Rg2 $1 Rd6 $22 29. Kg1 (29. Rc2 $2 Rg6 $1 30. Rxg6 Qh5+
31. Kg3 Qxg6+ $19) (29. Ba1 $2 Rh6+ 30. Kg1 Qh3 31. f3 Qh1+ $19) (29. e4 Qh5+
30. Kg1 Rd1+ $1 31. Nxd1 Qxe2 $19) (29. Re1 Rd2 30. Ba1 Rxf2 $19) 29... Rd1+ $3
30. Nxd1 Qxe2 $19) 26... Re8 $19 27. Rd2 Qg4+ $1 (27... Re6 28. Ne2 Rg6+ 29.
Ng3 h5 $1 30. Rd4 h4 $1 31. Rf4 Qh5 $19) 28. Kh1 Re6 29. f3 Qh3+ (29... Qh3+
30. Kg1 Rg6+ 31. Kf2 Rg2+ 32. Ke1 Rxd2 $19) 0-1

[Event "MK Cafe Cup-A"]
[Site "Koszalin"]
[Date "1999.08.11"]
[Round "8"]
[White "Stohl, Igor"]
[Black "Socko, Monika"]
[Result "1-0"]
[WhiteElo "2600"]
[BlackElo "2438"]
[Annotator "Blatny,P"]
[PlyCount "109"]
[EventDate "1999.08.03"]
[EventType "swiss"]
[EventRounds "9"]
[EventCountry "POL"]
[SourceTitle "CBM 073"]
[Source "ChessBase"]
[SourceDate "1999.12.01"]
[SourceVersion "1"]
[SourceVersionDate "1999.12.01"]
[SourceQuality "1"]

1. d4 Nf6 2. c4 e5 3. dxe5 Ng4 4. Bf4 Bb4+ {Besser ist "normale"} (4... Nc6) 5.
Nd2 d6 $2 6. exd6 Qf6 7. Nh3 $1 {Diese Partie ist eine gutes Beispiel dafür,
wie man mit Hilfe von ChessBase praktisch "Zuhause" gewinnen kann. GM Stohl
hat bestimmt bei der Vorbereitung gefunden, dass seine Gegnerin in dieser
Variante vor zwei Jahren Erfolg hatte. Danach war der Punkt fast "unter Dach
und Fach", weil diese Variante objektiv für Schwarz verloren ist...} (7. Bg3 $2
{ist wesentlich schlechter, nach} Bxd6 8. Ngf3 Bxg3 9. hxg3 Qxb2 10. e3 Nc6 {
hatte Schwarz eine gute Stellung. Weitere Fehler} 11. Rb1 $2 (11. Be2 $142)
11... Qxa2 12. Bd3 $6 Nce5 13. Nxe5 Nxe5 14. Be4 $6 Nxc4 15. Nxc4 Qxc4 16. Rh4
Qc3+ 17. Kf1 h6 18. Rc1 Qe5 19. Qa4+ Bd7 20. Qa3 c6 21. Bb1 Qe7 $1 {0-1
Radziewicz,I-Bobrowska,M/Frydek-Mistek 1997/EXT 98 (53) führten zu einem
gewonnenen Endspiel für Schwarz.}) 7... Nxf2 $6 {Diese Verwicklung ist fast
erzwungen, weil nach} (7... Bxd6 8. Bxd6 Qxd6 9. e3 {Schwarz einfach einen
Bauer weniger ohne Kompensation hat.}) 8. Kxf2 Bxh3 9. g3 $1 Bxf1 ({Wenn
Schwarz diese verdächtige Variante nicht begraben will, dann muss man hier
nach Verbesserungen suchen, vielleicht mit} 9... Bc5+ $5 {aber genau ist dann}
10. Ke1 $1 ({Nach} 10. Kf3 $2 Bd7 11. dxc7 Na6 12. Ne4 Bc6 {[%csl Re4,Rf3]
[%cal Gc6f3,Gf6f3,Gc5g1] hat Weiss plötzlich Probleme wegen seinem exponierten
König...,z.B.} 13. Bh3 Qg6 14. Qd3 f5 $19) 10... Bxd6 (10... Bxf1 11. Ne4 $1
Qf5 (11... Bb4+ $2 12. Kxf1 $18) (11... Qxb2 12. Nxc5 Bh3 13. Rb1 Qxa2 (13...
Qc3+ 14. Kf2 Qxc4 15. Nxb7 O-O 16. dxc7 $16) 14. dxc7 Nc6 15. Nxb7 O-O 16. Qb3
Qxb3 17. Rxb3 $18 {mit gewonnenem Endspiel.}) 12. dxc7 Na6 13. Nxc5 Bg2 14.
Qa4+ $1 (14. Rg1 Qxc5 15. Rxg2 Qa5+ 16. Kf1 Nxc7 17. b4 $1 Qf5 18. Qa4+ b5 $8
19. Qa5 Rc8 20. Rf2 Qd7 21. Bxc7 Rxc7 22. Qxb5 $18 {_|_}) 14... Ke7 (14... Bc6
15. Nxb7 $3 Qe6 (15... Bxa4 16. Nd6+ $18) (15... Qd7 16. Qxa6 Bxh1 17. Rd1 $18)
16. Qxa6 Bxh1 17. Nd6+ $18) 15. Nxa6 $1 Bxh1 16. Qb4+ Kf6 (16... Ke8 17. Nb8 $1
Bc6 (17... f6 18. Qb5+ Qxb5 19. c8=Q+ Kf7 20. Qc7+ $18) 18. Rd1 $18) 17. Qd6+
Qe6 18. Qd4+ Kg6 19. Nc5 Qh3 (19... Qf5 20. Kf2 $1 Bc6 21. g4 Qc8 22. Qd3+ f5
23. gxf5+ Kf7 (23... Qxf5 24. Rg1+ Kf6 25. Qd4+ $18) 24. Rg1 Rg8 25. Ne6 h6 (
25... Ke8 26. Ng5 Qd7 27. Bd6 $18) 26. Qd4 $18)) 11. Bxd6 ({Nicht aber} 11.
Bxh3 Bxf4 12. Rf1 (12. gxf4 $2 Qh4+ 13. Kf1 Qxh3+ $19 {[%csl Rf1]}) 12... Bxd2+
(12... Qh6 $6 13. Rxf4 Qxh3 14. Qb3 $40) 13. Qxd2 Qb6 {mit guten
Remisaussichten fuer Schwarz.}) 11... Bxf1 {führt nach forciertem} 12. Ne4 $1
Qe6 13. Bxc7 O-O 14. Rxf1 Qxe4 15. Qd5 $1 {auch zum Gewinn für Weiss.}) 10.
Rxf1 ({Wahrscheinlich noch stärker ist} 10. dxc7 $5 Nc6 11. Rxf1 O-O $5 ({
Spiel auf Figurgewinn mit} 11... Bxd2 12. Qxd2 g5 {geht nicht wegen} 13. Qe3+
$1 Ne7 (13... Kf8 14. Qc5+ $18) (13... Kd7 14. Rad1+ Kc8 15. Qd3 Qe6 (15... Ne5
16. Qd8+ $1 Rxd8 17. cxd8=Q+ Qxd8 18. Rxd8+ Kxd8 19. Bxe5 $18) 16. Bxg5 $18)
14. Qe5 Qxe5 15. Bxe5 $18 {1-0 Dumitrache,D-Biti,O/Zagreb 1997/EXT 99 (20)})
12. Ne4 Qxb2 13. Qb1 $1 {und der starke Bauer c7 sollte den Sieg im Enspiel
sichern.}) 10... Qd4+ 11. Kg2 {Dieser Zug ist viel stärker als der Üebergang
ins Endspiel nach} (11. Kf3 $6 Bxd6 12. Ne4 Qxd1 13. Raxd1 Bxf4 14. gxf4 Nd7
15. Rg1 O-O-O $1 (15... g6 16. h4 Ke7 17. Rd3 Rad8 18. Ra3 a6 19. Re3 $14 {
1-0 Sherbakov,R-Chatalbashev,B/Anapa 1991/TD (44)}) 16. Rd5 g6 17. Ng5 Rdf8 18.
h4 Nf6 19. Re5 h6 $11 {1/2-1/2 Sher,M-Mohr,G/Ljubljana 1995/EXT 98 (24)}) 11...
Bxd6 (11... cxd6 12. Nf3 $1 $18 {_|_}) 12. Qb3 $1 Nd7 $2 ({Bessere
Rettungschancen bietet} 12... Bxf4 13. Rxf4 $1 (13. Qxb7 $2 Bxd2 14. Qxa8 O-O
15. Rad1 c6 16. Rf3 Nd7 17. Qxc6 Ne5 18. Qd5 Nxf3 19. exf3 Rd8 $19 {_|_}) 13...
Qb6 (13... Qxd2 $4 14. Re4+ $18) {aber auch hier hat Schwarz nach} 14. Qa3 $1 {
Probleme, seinen König in Sicherheit zu bringen, z.B.} c5 15. Qe3+ Kf8 16. Qf2
$1 f6 17. Ne4 Nd7 18. Rd1 Qc7 19. Rf5 {mit starkem Angriff.}) 13. Be3 Qe5 ({
Auch nach} 13... Qg4 {folgt das tödliche} 14. c5 $1) 14. c5 Be7 (14... Bxc5 15.
Qxf7+ Kd8 16. Bxc5 Nxc5 (16... Qxc5 17. Qxg7) 17. Nf3 Qxe2+ 18. Rf2 Qe6 19.
Qxg7 Rg8 20. Qxh7 {mit Gewinn.}) 15. Qxf7+ Kd8 16. Bf4 Qxb2 {Erst das ist eine
"Neuerung". Dadurch sehen wir, dass Weiss sehr gut vorbereitet war und einem
erfolgreichen Rezept von A. Summerscale folgte. Dort geschah schwächer} (16...
Qxe2+ $2 17. Rf2 Qd3 18. Re1 $1 Bf6 (18... Re8 19. Rxe7 $1 Rxe7 20. Qg8+ Re8
21. Bg5+ Nf6 22. Qxg7 Qd5+ 23. Nf3 $18) 19. Rfe2 $18 Kc8 20. Re8+ Rxe8 21.
Rxe8+ Bd8 22. Qe7 Qd5+ (22... Nf6 23. Qxc7#) 23. Nf3 {1-0 Summerscale,
A-Szabolcsi,J/FRA 1996/CBM 55 ext (23)}) 17. Rab1 Qd4 18. Rxb7 $18 Rf8 19. Qc4
{Weiss spielt korrekt auf "Nummer sicher" und transformiert seinen Vorteil in
ein technisch gewonnenes Endspiel. Es wäre schön, bei schwachem schwarzen
König im Zentrum die Dame für den Angriff zu behalten mit} (19. Qe6 $5 {
aber nach der "Gabel"} Nxc5 $1 {muss Weiss sowieso tauschen.} (19... Rxf4 $2
20. Rxf4 Qxd2 21. Qg8+ Nf8 (21... Bf8 22. Rxf8+ Nxf8 23. Qxf8+ Kd7 24. Qf7+ $1
$18) 22. Rxf8+ Kd7 {Es sieht so aus, als hätte Schwarz erfolgreich getrickst,
aber jetzt folgt ein schöner "Computerzug":} 23. Rb2 $3 (23. Rxa8 $4 Qxe2+ 24.
Kh3 Qf1+ 25. Kg4 h5+ 26. Kxh5 Qf5#) (23. c6+ Kd6 $1 24. Rxa8 Qxe2+ 25. Kg1 Qe1+
$11) 23... Qd4 (23... Qxb2 24. Qd5+ Bd6 25. c6+ Ke7 26. Qf7#) 24. Rxa8 Qe4+ {
und jetzt gewinnt das überraschende} 25. Kf1 $1 ({Nach} 25. Kh3 Qf5+ 26. g4 $2
(26. Kg2 Qe4+ 27. Kf1 $1) 26... Qf1+ 27. Kg3 {sichert} Bh4+ $1 {einen
unerwarteten Dauerschach!} 28. Kxh4 Qf2+ 29. Kh3 Qe3+ 30. Kg2 Qe4+ 31. Kf2 Qf4+
32. Ke1 Qc1+ $11) 25... Qh1+ 26. Kf2 Bxc5+ 27. e3 Qxh2+ 28. Kf3 Qh1+ 29. Ke2
Qg2+ 30. Kd3 Qf1+ 31. Re2 Qb1+ 32. Rc2 Qf1+ 33. Kc3 Qf6+ 34. Kc4 {und Weiss
gewinnt.}) {Nach den forcierten Zügen} 20. Bxc7+ Ke8 21. Qc6+ Qd7 22. Qxd7+
Kxd7 23. Rxf8 Bxf8 24. Rb8 Rxb8 25. Bxb8 {entsteht ein Endspiel, wo Schwarz
wegen stark reduziertem Material einige Remischancen besitzt.}) 19... Qxc4 {
erzwungen, weil} (19... Rxf4 $2 {jetzt sofort verliert nach} 20. Rxf4 Qxd2 21.
Rd4 $1) 20. Nxc4 Nxc5 21. Rd1+ Ke8 22. Rxc7 Ne6 23. Rxe7+ Kxe7 24. Bd6+ Kf7 25.
Ne5+ Kg8 26. Bxf8 Nxf8 (26... Rxf8 27. Rd7 $18) 27. Rd5 Rc8 28. Ra5 Rc7 29. Kf3
Nd7 30. Nxd7 Rxd7 31. e4 $18 {_|_} Kf7 32. h4 {Der Rest ist Sache der Technik.
Es gibt die zwei nötigen Schwächen bei Schwarz - neben dem Minusbauern ist es
der Pa7.} Ke6 33. g4 Rb7 34. Kf4 Rf7+ 35. Kg5 Kd6 36. Rd5+ Ke6 37. Rf5 Rb7 38.
Kf4 Rc7 39. Re5+ Kd6 40. Ra5 Rf7+ 41. Ke3 Ke6 42. a3 Rd7 43. Rh5 h6 44. Ra5 Rb7
45. h5 Rd7 {Bessere Verteidigung war} (45... Rc7 {um nach} 46. e5 $6 (46. Kd4
$142 Rd7+ 47. Rd5 Rb7 48. e5 Rb6 49. Ra5 a6 50. Ra4 $1 Rc6 51. Rb4 a5 52. Rb5
$18) 46... Rc4 $1 {spielen können.}) 46. e5 $1 Rd1 $2 (46... Rc7 47. Kd4 Rd7+
48. Ke4 Ke7 49. Ra6 Rb7 50. a4 Rc7 51. a5 Rb7 52. Rc6 Kd7 53. Rg6 Ke8 54. a6
Rc7 55. Kd5 Rd7+ 56. Rd6 Rc7 57. Rc6 Rd7+ 58. Kc5 Ke7 (58... Re7 59. e6 $18)
59. e6 Rd1 60. Rc7+ Kxe6 61. Rxg7 Rc1+ 62. Kb5 Rb1+ 63. Kc6 Rb6+ 64. Kc5 $18)
47. Rxa7 Kxe5 48. Rxg7 Re1+ 49. Kd3 Ra1 50. Ra7 Kf4 51. Ra4+ Kg5 52. Kc2 Re1
53. Rd4 Re8 54. a4 Rb8 (54... Ra8 55. Kb3 Kh4 56. Kb4 Rb8+ 57. Kc5 Ra8 58. Kb6
$18) 55. a5 (55. a5 Ra8 56. Ra4 $18) 1-0

[Event "Petrov Memorial op"]
[Site "St Petersburg"]
[Date "2000.02.14"]
[Round "7"]
[White "Lugovoi, Aleksei"]
[Black "Novitzkij, Dmitrij"]
[Result "1-0"]
[WhiteElo "2515"]
[BlackElo "2328"]
[Annotator "Blatny,P"]
[PlyCount "53"]
[EventDate "2000.02.05"]
[EventType "swiss"]
[EventRounds "9"]
[EventCountry "RUS"]
[SourceTitle "CBM 076"]
[Source "ChessBase"]
[SourceDate "2000.05.31"]
[SourceVersion "1"]
[SourceVersionDate "2000.05.31"]
[SourceQuality "1"]

1. d4 Nf6 2. c4 e5 3. dxe5 Ng4 4. Nf3 Nc6 5. Bf4 Bb4+ 6. Nc3 Qe7 {[%csl Ye5]
[%cal Rc6e5,Re7e5,Rg4e5,Gf3e5,Gf4e5]} 7. Rc1 Ngxe5 8. Nxe5 Nxe5 9. a3 Bxc3+ 10.
Rxc3 d6 11. g3 Bd7 (11... O-O 12. Bg2 Nd7 {[%csl Rc5][%cal Rd7c5]} (12... Ng6
13. Bc1 Rb8 14. O-O (14. b3 Be6 15. O-O Qd7 16. Re1 Rfe8 17. Bb2 f6 18. Qd2 Ne5
19. f4 Nc6 20. Rd3 Qf7 21. h3 a5 22. g4 $14 {Salov,V-Pandavos,E/Nikea op 1985/
MCD/1-0 (59)}) 14... b6 15. e4 Bb7 16. Re1 f6 17. b3 Rfe8 18. Rce3 Qf7 $11 {
Kortschnoj,V-Gomez Esteban,J/Pamplona 1990/CBM 21/[Schussler]/1/2-1/2 (54)})
13. O-O a5 14. Be3 Ra6 $6 15. Bd4 Re8 16. Re3 Qf8 17. Qc1 Rxe3 18. Qxe3 a4 19.
Rd1 $14 {1/2-1/2 Oll,L-Hurme,H/FIN-chT 1991/EXT 2000 (44)}) 12. Bg2 O-O 13. c5
{[%cal Gf4d6,Gc5d6]} Bc6 14. cxd6 cxd6 (14... Qxd6 15. Bxe5 Qxe5 16. Bxc6 bxc6
17. Qc2 (17. Rxc6 $4 Qe4 $19) 17... Rab8 18. O-O $14) 15. O-O Rac8 (15... Bxg2
16. Kxg2 Rac8 17. Qd4 Rxc3 18. Qxc3 Ng6 19. Be3 $14) 16. Qc2 Qe6 (16... Bxg2
17. Rxc8 Bxf1 18. Kxf1 $16) 17. Rc1 Rcd8 (17... Ng6 18. Bg5 $14) 18. Rd1 (18.
Bxe5 Bxg2 19. Bd4 Be4 $13) 18... f6 (18... Bxg2 $5) 19. Bxe5 Bxg2 (19... dxe5
20. Rxd8 $1 Rxd8 21. Bxc6 bxc6 22. Rxc6 $18) 20. Bxd6 $1 (20. Kxg2 dxe5 21.
Rxd8 $14) 20... Be4 $2 (20... Rxd6 21. Rxd6 Qxd6 22. Kxg2 $18) 21. Bxf8 $1 Bxc2
(21... Rxf8 22. Qa4 $18) 22. Rxd8 Ba4 (22... Qxe2 23. Re3 $18) 23. Rc7 h5 (
23... Be8 24. Re7 $1) 24. Rxg7+ Kh8 25. Re7 (25. Rxb7 Be8 26. Re7 $18) 25...
Qb6 26. Rb8 (26. Bg7+ Kh7 27. Rh8+ Kg6 28. Rh6+ Kg5 29. h4+ Kf5 30. e4+ Kg4 31.
Kg2 $18) 26... Bb3 (26... Qd6 27. Ra8 Bb3 28. Bh6+ Bg8 29. Bg7+ Kh7 30. Bf8+
Qxe7 31. Bxe7 $18) 27. Bh6+ (27. Bh6+ Bg8 28. Bg7+ Kh7 29. Bxf6+ Kh6 30. Bg7+
Kg5 31. Rxg8 $18) (27. Bg7+ $142 Kh7 28. Rh8+ Kg6 29. Rh6+ Kg5 30. h4+ Kf5 31.
e4+ Kg4 32. Kg2 $18) 1-0

[Event "Baukombinat Leipzig"]
[Site "Leipzig"]
[Date "1981.01.25"]
[Round "6"]
[White "Heinig, Wolfram"]
[Black "Vokac, Marek"]
[Result "1/2-1/2"]
[WhiteElo "2364"]
[BlackElo "2315"]
[Annotator "Bulletin"]
[PlyCount "81"]
[EventDate "1981.01.19"]
[EventType "tourn"]
[EventRounds "11"]
[EventCountry "DDR"]
[EventCategory "5"]
[SourceTitle "MCL"]
[Source "ChessBase"]
[SourceDate "1999.07.01"]
[SourceVersion "1"]
[SourceVersionDate "1999.07.01"]
[SourceQuality "1"]

1. d4 Nf6 2. c4 e5 3. dxe5 Ng4 4. Nf3 Bc5 5. e3 Nc6 6. Nc3 Ngxe5 7. Nxe5 Nxe5
8. Be2 O-O 9. O-O d6 10. Na4 Bb6 11. Nxb6 $6 (11. b3) 11... axb6 12. b3 Qf6 13.
Qd2 Ng4 14. Bb2 Qh6 15. h3 Nf6 16. Bf3 Ra5 17. Rfd1 Re8 18. Kf1 Ne4 19. Qd4
Rae5 20. Bxe4 Rxe4 21. Qc3 Bd7 22. Rd4 Bc6 23. Rxe4 Bxe4 24. Re1 f6 25. f3 Bc6
26. e4 Qf4 27. Qc1 Qg3 28. Qd2 Kf8 29. Qf2 Qxf2+ 30. Kxf2 b5 31. cxb5 Bxb5 32.
b4 Ra8 33. a3 Ke7 34. Rc1 Kd7 35. h4 h5 36. Ke3 c6 37. Kf4 Ke6 38. g4 hxg4 39.
fxg4 Rh8 40. h5 Rh6 41. Bd4 1/2-1/2